003810000a220010900045001000021000002450073000213000044000947730018001389420008001569520090001649990017002541 aValle, Carlos A.10aPertinencia de los medios masivos de comunicación para la pastoral aVol. 0, No. 0 (1984), Páginas 207-2190 tVox Evangelii cANA 001040708HEMaFUSBCbFUSBCd2016-01-26l0o r2016-01-26 00:00:00w2016-01-26yANA c59618d59618